000 00642nam a22001577a 4500
003 OSt
005 20150924163945.0
008 150924b xxu||||| |||| 00| 0 eng d
040 _cRUA
082 _aAGR CHH 2012 B051 Or.1
100 _91284
_aCHHEM, PHENG.
245 _aEffect of manure fertilizer on on watermelon yield at tramkok district takeo province ឥទ្ធិពលនៃប្រភេទជីធម្មជាតិទៅលើទិននផលឪឡឹកនៅស្រុកត្រាំកក់ ខេត្តតាកែវ
260 _aPhnom Penh
_bRUA
_c2012
300 _ax; 57p.
_bill.
_c29cm.
942 _2ddc
_cAGR
999 _c1217
_d1217